logo

Bir Sreshtho Munshi Abdur Rouf Library
Jhenaidah Cadet College

আল্লাহর ভয়ে যে চোখ কাঁদে / (Record no. 13831)

MARC details
000 -LEADER
fixed length control field 00912nam a2200241 a 4500
001 - CONTROL NUMBER
JCCL Control Number 13831
003 - CONTROL NUMBER IDENTIFIER
JCCL marc code BD-JhCC
005 - DATE AND TIME OF LATEST TRANSACTION
control field 20240417124643.0
008 - FIXED-LENGTH DATA ELEMENTS--GENERAL INFORMATION
fixed length control field 240415b20162019bg |||| ||a| 000 0 bng d
020 ## - INTERNATIONAL STANDARD BOOK NUMBER
International Standard Book Number 9789849031000
035 ## - SYSTEM CONTROL NUMBER
system control number (BD-JhCC)13831
040 ## - CATALOGING SOURCE
Original cataloging agency BD-JhCC
Modifying agency BD-JhCC
041 ## - LANGUAGE CODE
Language code of Book Bengali
082 ## - DEWEY DECIMAL CLASSIFICATION NUMBER
Classification number 297.1
Author mark and Year JAM 2019
100 ## - MAIN ENTRY--PERSONAL NAME
Personal name জামিল ,মাওলানা তারিক
245 ## - TITLE STATEMENT
Title আল্লাহর ভয়ে যে চোখ কাঁদে /
Statement of responsibility, etc মাওলানা তারিক জামিল ,অনু: মাওলানা কাওসার বিন নুরদ্দীন ।
260 ## - PUBLICATION, DISTRIBUTION, ETC. (IMPRINT)
Place of publication, distribution, etc ঢাকা:
Name of publisher, distributor, etc বিননুরী লাইব্রেরী;
Date of publication, distribution, etc 2019.
300 ## - PHYSICAL DESCRIPTION
Pagination 112 p. :
Dimensions 22 cm.
650 ## - SUBJECT ADDED ENTRY--TOPICAL TERM
Topical term or geographic name as entry element Islamic
700 ## - ADDED ENTRY--PERSONAL NAME
Personal name নুরদ্দীন,মাওলানা কাওসার বিন
942 ## - ADDED ENTRY ELEMENTS (KOHA)
Source of classification or shelving scheme Dewey Decimal Classification
Koha item type Books
Holdings
Source of classification or shelving scheme Damaged status Not for loan Home library Current library Shelving location Date of accession Source of acquisition Cost, normal purchase price Total Checkouts Full call number Barcode Date last seen Copy number Method of acquisition Koha item type Currency
Dewey Decimal Classification     JCC Rouf Library JCC Rouf Library General Stacks   With The Compliments Of 7th Intake 160.00   297.1 JAM 2019 19252 04/17/2024 C-1 Gift/Donation Books BDT

JCC Library | Contacts | JCC Home

Last Update on 23 September 2017
Copyright @ 2017-2020 JCC Rouf Library
Rouf Library, Jhenidah Cadet College (JCC), Bangladesh